[Event "EYCC Open-U16 2019"]
[Site "Bratislava"]
[Date "2019.08.05"]
[Round "4.18"]
[White "Niedbala, Bartlomiej"]
[Black "Fecker, Noah"]
[Result "1/2-1/2"]
[WhiteElo "2152"]
[BlackElo "2313"]
[Annotator "TA"]
[PlyCount "192"]
[EventDate "2019.08.02"]
[EventType "swiss"]
[EventCountry "SVK"]
[SourceTitle "playchess.com"]
[Source "ChessBase"]
[SourceQuality "1"]

{[%evp 16,192,33,31,25,21,26,23,28,33,30,0,4,3,7,0,0,0,0,0,10,10,7,0,0,-16,-17,-12,-12,-98,-93,-102,-19,-19,-22,-16,-17,-17,-18,-25,-14,-14,-13,-17,-17,-13,-12,-25,-10,-10,-10,-10,-8,-8,-8,-12,-9,-9,-8,-8,-8,-8,-8,-60,-58,-62,-56,-64,0,-58,0,-75,-26,-48,-30,-43,-37,-48,-8,-8,-8,-24,0,0,0,0,0,0,0,0,0,0,0,0,0,0,0,0,0,0,0,0,0,0,0,0,0,0,0,0,0,0,0,0,0,0,0,0,0,0,0,0,0,0,0,0,0,0,0,0,0,0,0,0,0,0,0,0,0,0,0,0,0,0,0,0,0,0,0,0,0,0,0,0,0,0,0,0,0,0,0,0,0,0,0,0,0,0,0,0,0,0,0,0,0,0,0,0,8]} 1. d4 Nf6 2. c4 g6 3. f3 d5 4. cxd5 Nxd5 5. e4 Nb6 6. Nc3 Bg7 7. Be3 O-O 8. Qd2 Nc6 9. O-O-O Qd6 {D70: Grünfeld: Unusual White 3rd moves (met by ...d5)} 10. Nb5 Qd7 11. Kb1 Rd8 {White has an edge.} 12. d5 a6 13. dxc6 (13. Nc3 {seems wilder.} Qe8 14. Qc1 Na5 15. Bf4 e5 16. Bg5) (13. Nc3 Qe8 14. Qc1 Na5 15. h4 e6 16. Bf4 Rd7 17. Bh6 Bxh6 18. Qxh6 exd5 {½-½ (35) Aronian,L (2809)-Svidler,P (2749) Geneva 2017}) 13... Qxd2 14. Rxd2 Rxd2 15. Bxd2 axb5 16. cxb7 Bxb7 17. Bxb5 f5 18. exf5 Bd5 19. b3 gxf5 20. Bd3 $146 ({Predecessor:} 20. Bc1 c5 21. Ne2 {½-½ (21) Simantsev,M (2465)-Gutenev,A (2407) Cheliabinsk 2016}) 20... c5 $1 21. Bc1 c4 22. bxc4 (22. Bc2 $1 $11 {remains equal.}) 22... Nxc4 $17 {Threatens to win with ...Na3+.} 23. Ne2 Na3+ (23... Nd6 $17 24. Rd1 Bxa2+ 25. Kc2 Rc8+ 26. Kd2 Bb3) 24. Bxa3 $11 Rxa3 {[%mdl 64] Double Attack} 25. Nc1 $1 {[#]} Bxa2+ $1 {[%mdl 512]} 26. Nxa2 Rxd3 {[%mdl 4096] Endgame KRB-KRN} 27. Kc2 Re3 28. Rd1 Kf7 29. Rd3 Re1 30. Rd1 Re6 31. Nb4 Bh6 32. Rd5 Re2+ 33. Kd1 Rxg2 {...Kf6 is the strong threat.} 34. Rxf5+ Kg6 35. Re5 Rd2+ 36. Ke1 {And now Re6+ would win.} Rxh2 {Hoping for ...Bd2+.} 37. Nd5 Bf8 38. f4 Kf7 {Black wants to play ...e6.} 39. f5 (39. Rf5+ $11 Ke6 40. Rxf8 Kxd5 41. f5) 39... Ra2 $15 40. Kf1 Rb2 41. Kg1 Ra2 ({Black should play} 41... Rd2 $15) 42. Kh1 (42. Kf1 $11) 42... Rb2 43. Kg1 h5 44. Kh1 h4 45. Kg1 h3 46. Kh1 h2 47. Re6 Rd2 48. Re5 Bg7 49. Rxe7+ {The position is equal.} Kf8 50. f6 $1 {[%cal Rf6g7]} Bxf6 51. Rd7 Be5 52. Nf6 Rf2 53. Rd8+ $1 Kf7 (53... Ke7 $5 54. Re8+ $8 Kf7 55. Rxe5 Rxf6 $11) 54. Rf8+ $1 {[%mdl 64] [#] Decoy} Kxf8 55. Nd7+ Ke7 56. Nxe5 $11 {KR-KN} Ke6 (56... Rd2 {feels hotter.} 57. Nf3 Rb2 58. Nxh2 Kd8 59. Kg1 Rd2) 57. Ng4 Ra2 58. Nxh2 Kf5 59. Kg1 Kf4 60. Nf1 Kf3 61. Nh2+ $1 Kg3 62. Nf1+ Kh3 63. Ne3 Re2 64. Nf1 Rg2+ 65. Kh1 Rg8 66. Nd2 $1 Rg7 67. Nf1 $1 Rg2 68. Ne3 Rg8 69. Nf1 $1 Re8 70. Kg1 Re2 71. Kh1 Kg4 72. Kg1 Kf3 73. Nh2+ $1 Ke3 74. Nf1+ Kf3 75. Nh2+ $1 Kg3 76. Nf1+ Kh3 77. Kh1 Rg2 78. Ne3 Rg7 79. Nf1 $1 Rg8 80. Nd2 $1 Rf8 (80... Rd8 {is interesting.} 81. Nf1 Rb8 82. Kg1 Rb2 83. Ne3 Kg3) 81. Kg1 Kg3 82. Nf1+ $1 Kf3 83. Nh2+ $1 Ke2 84. Kg2 $1 Rg8+ 85. Kh3 $1 Kf2 86. Ng4+ Kf3 87. Nh2+ Kf4 88. Nf1 Rg1 89. Nh2 $1 Rg3+ 90. Kh4 Ra3 (90... Rg1 {keeps more tension.} 91. Kh3) 91. Nf1 Ra2 {( -> ...Rf2)} (91... Ra6 {is more complex.} 92. Kh3 Rh6+ 93. Kg2 Rg6+ 94. Kh3 Rg4) 92. Kh3 $1 Rb2 93. Nh2 $1 Rf2 94. Ng4 Rf3+ 95. Kh4 Rg3 96. Nh2 Rg4+ {Accuracy: White = 76%, Black = 65%.} 1/2-1/2

[Event "EYCC Open-U16 2019"]
[Site "Bratislava"]
[Date "2019.08.05"]
[Round "4.19"]
[White "Alonso Garcia, Aaron"]
[Black "Malovanyi, Yulian"]
[Result "0-1"]
[WhiteElo "2248"]
[BlackElo "2204"]
[Annotator "NA"]
[PlyCount "152"]
[EventDate "2019.08.02"]
[EventType "swiss"]
[EventCountry "SVK"]
[SourceTitle "playchess.com"]
[Source "ChessBase"]
[SourceQuality "1"]
[TimeControl "40/5400+30:1800+30"]

1. e4 {[%emt 0:00:13]} c5 {[%emt 0:00:00]} 2. Nf3 {[%emt 0:00:26]} Nc6 {[%emt 0:00:20]} 3. d4 {[%emt 0:00:36]} cxd4 {[%emt 0:00:11]} 4. Nxd4 {[%emt 0:00:19]} g6 {[%emt 0:00:11]} 5. Nc3 {[%emt 0:00:57]} Bg7 {[%emt 0:00:09]} 6. Be3 {[%emt 0:00:15]} Nf6 {[%emt 0:00:22]} 7. Bc4 {[%emt 0:00:29]} O-O {[%emt 0:00:55]} 8. Bb3 {[%emt 0:00:50]} d6 {[%emt 0:00:45]} 9. f3 {[%emt 0:00:49]} Qa5 {[%emt 0:00:48]} 10. Qd2 {[%emt 0:01:42]} Nxd4 {[%emt 0:00:41]} 11. Bxd4 {[%emt 0:00:16]} Be6 {[%emt 0:00:08]} 12. O-O-O {[%emt 0:25:54]} b5 {[%emt 0:00:59]} 13. Kb1 {[%emt 0:04:28]} b4 {[%emt 0:00:24]} 14. Ne2 {[%emt 0:06:35]} Bxb3 {[%emt 0:06:13]} 15. cxb3 {[%emt 0:01:13]} Qb5 {[%emt 0:16:59]} 16. g4 {[%emt 0:06:42]} a5 {[%emt 0:26:17]} 17. h4 {[%emt 0:09:03]} a4 {[%emt 0:11:44]} 18. bxa4 {[%emt 0:00:59]} Rxa4 {[%emt 0:00:12]} 19. b3 {[%emt 0:01:15]} Ra5 {[%emt 0:00:44]} 20. Rc1 {[%emt 0:01:01]} Rfa8 {[%emt 0:01:17]} 21. Rc2 {[%emt 0:00:04]} e5 {[%emt 0:07:52]} 22. Bf2 {[%emt 0:11:29]} d5 {[%emt 0:01:03]} 23. g5 {[%emt 0:03:04]} Nd7 {[%emt 0:03:01]} 24. Qxd5 {[%emt 0:01:13]} Qxd5 25. exd5 {[%emt 0:00:01]} Rxd5 {[%emt 0:01:49]} 26. Nc1 {[%emt 0:01:39]} f5 {[%emt 0:01:39]} 27. h5 {[%emt 0:01:47]} e4 {[%emt 0:02:16]} 28. hxg6 {[%emt 0:04:54]} hxg6 {[%emt 0:00:02]} 29. fxe4 {[%emt 0:02:42]} fxe4 {[%emt 0:00:02]} 30. Be3 {[%emt 0:00:04]} Ne5 {[%emt 0:03:26]} 31. Rh4 {[%emt 0:01:07]} Nf7 {[%emt 0:10:41]} 32. Rxe4 {[%emt 0:01:29]} Nd6 {[%emt 0:00:43]} 33. Rxb4 {[%emt 0:04:29]} Nb5 {[%emt 0:00:08]} 34. Rxb5 {[%emt 0:00:20]} Rxb5 {[%emt 0:00:01]} 35. Rc4 {[%emt 0:05:31]} Re5 {[%emt 0:02:04]} 36. Bf4 {[%emt 0:00:59]} Rf5 {[%emt 0:00:30]} 37. Kc2 {[%emt 0:01:44]} Be5 {[%emt 0:00:53]} 38. Be3 {[%emt 0:00:39]} Rf3 {[%emt 0:00:24]} 39. Kd3 {[%emt 0:00:03]} Bb2 {[%emt 0:00:23]} 40. Ke2 {[%emt 0:00:00]} Rh3 {[%emt 0:00:00]} 41. Nd3 {[%emt 0:12:31]} Re8 {[%emt 0:07:28]} 42. Nxb2 {[%emt 0:00:05]} Rexe3+ {[%emt 0:00:11]} 43. Kd2 {[%emt 0:01:56]} Reg3 {[%emt 0:00:10]} 44. Rd4 {[%emt 0:04:02]} Rh2+ {[%emt 0:02:02]} 45. Kc1 {[%emt 0:00:02]} Rgg2 {[%emt 0:01:37]} 46. Nc4 {[%emt 0:03:58]} Rxa2 {[%emt 0:02:36]} 47. Kb1 {[%emt 0:00:29]} Rag2 {[%emt 0:00:12]} 48. Ne3 {[%emt 0:02:35]} Rg1+ {[%emt 0:02:43]} 49. Nd1 {[%emt 0:00:01]} Rxg5 {[%emt 0:00:17]} 50. Kc1 {[%emt 0:01:24]} Kf7 {[%emt 0:00:36]} 51. b4 {[%emt 0:00:10]} Ke6 {[%emt 0:00:46]} 52. Nc3 {[%emt 0:00:31]} Rg1+ {[%emt 0:00:29]} 53. Nd1 {[%emt 0:00:01]} Ke5 {[%emt 0:01:53]} 54. Rd8 {[%emt 0:00:29]} Rh4 {[%emt 0:02:24]} 55. Re8+ {[%emt 0:00:16]} Kf6 {[%emt 0:02:23]} 56. Kc2 {[%emt 0:00:46]} Rxb4 {[%emt 0:00:48]} 57. Ne3 {[%emt 0:00:08]} Rh4 {[%emt 0:01:12]} 58. Kd3 {[%emt 0:00:10]} Rg3 {[%emt 0:02:24]} 59. Ke2 {[%emt 0:01:10]} Rh2+ {[%emt 0:00:26]} 60. Kf1 {[%emt 0:01:09]} Ra2 {[%emt 0:01:47]} 61. Re4 {[%emt 0:01:30]} Kg5 {[%emt 0:01:21]} 62. Nc4 {[%emt 0:02:38]} Rc3 {[%emt 0:01:06]} 63. Ne5 {[%emt 0:01:32]} Rc1+ {[%emt 0:00:12]} 64. Re1 {[%emt 0:00:01]} Rxe1+ {[%emt 0:00:12]} 65. Kxe1 {[%emt 0:00:05]} Kf5 {[%emt 0:00:10]} 66. Nf3 {[%emt 0:00:13]} Kf4 {[%emt 0:00:19]} 67. Nh4 {[%emt 0:00:36]} g5 {[%emt 0:00:17]} 68. Ng6+ {[%emt 0:00:02]} Ke3 {[%emt 0:00:12]} 69. Kf1 {[%emt 0:00:03]} g4 {[%emt 0:00:27]} 70. Kg1 {[%emt 0:00:19]} Kf3 {[%emt 0:00:38]} 71. Ne5+ {[%emt 0:00:43]} Kg3 {[%emt 0:00:12]} 72. Kf1 {[%emt 0:00:03]} Rf2+ {[%emt 0:00:18]} 73. Ke1 {[%emt 0:00:23]} Rf5 {[%emt 0:00:10]} 74. Nd3 {[%emt 0:01:27]} Kh2 {[%emt 0:00:16]} 75. Nf2 {[%emt 0:00:20]} Rxf2 {[%emt 0:00:03]} 76. Kxf2 {[%emt 0:00:03]} g3+ {[%emt 0:00:14]} 0-1

[Event "EYCC Open-U16 2019"]
[Site "Bratislava"]
[Date "2019.08.05"]
[Round "4.20"]
[White "Melaa, Sondre"]
[Black "Ognean, Mihnea-Ionut"]
[Result "0-1"]
[WhiteElo "2118"]
[BlackElo "2287"]
[Annotator "NA"]
[PlyCount "70"]
[EventDate "2019.08.02"]
[EventType "swiss"]
[EventCountry "SVK"]
[SourceTitle "playchess.com"]
[Source "ChessBase"]
[SourceQuality "1"]
[TimeControl "40/5400+30:1800+30"]

1. e4 {[%emt 0:00:00]} c5 {[%emt 0:00:00]} 2. Nf3 {[%emt 0:00:07]} Nc6 {[%emt 0:00:00]} 3. d4 {[%emt 0:00:11]} cxd4 {[%emt 0:00:00]} 4. Nxd4 {[%emt 0:00:09]} Nf6 {[%emt 0:00:00]} 5. Nc3 {[%emt 0:00:16]} e5 {[%emt 0:00:00]} 6. Ndb5 {[%emt 0:00:08]} d6 {[%emt 0:00:15]} 7. Nd5 {[%emt 0:00:11]} Nxd5 {[%emt 0:00:07]} 8. exd5 {[%emt 0:00:06]} Nb8 {[%emt 0:00:04]} 9. a4 {[%emt 0:00:21]} Be7 {[%emt 0:00:35]} 10. Be2 {[%emt 0:00:31]} O-O {[%emt 0:00:30]} 11. O-O {[%emt 0:00:19]} a6 {[%emt 0:00:26]} 12. Na3 {[%emt 0:02:03]} Nd7 {[%emt 0:00:07]} 13. Nc4 {[%emt 0:04:58]} f5 {[%emt 0:08:08]} 14. f4 {[%emt 0:16:48]} Qc7 {[%emt 0:09:14]} 15. Kh1 {[%emt 0:05:29]} b6 {[%emt 0:08:37]} 16. b4 {[%emt 0:09:03]} Bb7 {[%emt 0:10:02]} 17. Ne3 {[%emt 0:12:24]} g6 {[%emt 0:05:30]} 18. c4 {[%emt 0:06:14]} exf4 {[%emt 0:03:46]} 19. Rxf4 {[%emt 0:03:57]} Bf6 {[%emt 0:00:35]} 20. Ra2 {[%emt 0:03:43]} a5 {[%emt 0:00:07]} 21. b5 {[%emt 0:01:15]} Nc5 {[%emt 0:01:50]} 22. Nc2 {[%emt 0:08:01]} Rae8 {[%emt 0:01:56]} 23. Nd4 {[%emt 0:02:35]} Bc8 {[%emt 0:03:02]} 24. Rf1 {[%emt 0:02:20]} Re4 {[%emt 0:06:39]} 25. Nb3 {[%emt 0:05:55]} Be5 {[%emt 0:04:08]} 26. Nxc5 {[%emt 0:05:46]} Qxc5 {[%emt 0:05:48]} 27. Ba3 {[%emt 0:04:50]} Qc7 {[%emt 0:00:27]} 28. Bb2 {[%emt 0:02:32]} Qg7 {[%emt 0:00:09]} 29. Bxe5 {[%emt 0:01:10]} Qxe5 {[%emt 0:00:04]} 30. Bd3 {[%emt 0:02:18]} Rh4 {[%emt 0:01:27]} 31. h3 {[%emt 0:00:10]} f4 {[%emt 0:00:54]} 32. Re1 {[%emt 0:01:03]} Qg5 {[%emt 0:01:15]} 33. Bf1 {[%emt 0:00:53]} f3 {[%emt 0:00:20]} 34. gxf3 {[%emt 0:00:32]} Bxh3 {[%emt 0:00:36]} 35. Rh2 {[%emt 0:00:36]} Bxf1 {[%emt 0:00:32]} 0-1

[Event "EYCC Open-U16 2019"]
[Site "Bratislava"]
[Date "2019.08.06"]
[Round "5.1"]
[White "Pogosyan, Stefan"]
[Black "Barseghyan, Armen Ar."]
[Result "1/2-1/2"]
[WhiteElo "2334"]
[BlackElo "2313"]
[Annotator "NA"]
[PlyCount "239"]
[EventDate "2019.08.02"]
[EventType "swiss"]
[EventCountry "SVK"]
[SourceTitle "playchess.com"]
[Source "ChessBase"]
[SourceQuality "1"]
[TimeControl "40/5400+30:1800+30"]

1. d4 {[%emt 0:00:00]} Nf6 {[%emt 0:00:40]} 2. c4 {[%emt 0:00:00]} c5 {[%emt 0:00:13]} 3. d5 {[%emt 0:00:00]} e6 {[%emt 0:00:36]} 4. Nc3 {[%emt 0:00:00]} exd5 {[%emt 0:00:07]} 5. cxd5 {[%emt 0:00:01]} d6 {[%emt 0:00:04]} 6. Nf3 {[%emt 0:00:09]} g6 {[%emt 0:00:16]} 7. Nd2 {[%emt 0:00:10]} Bg7 {[%emt 0:00:32]} 8. e4 {[%emt 0:01:04]} O-O {[%emt 0:00:15]} 9. Be2 {[%emt 0:00:03]} Na6 {[%emt 0:00:22]} 10. O-O {[%emt 0:00:37]} Ne8 {[%emt 0:00:21]} 11. Nc4 {[%emt 0:00:13]} f5 {[%emt 0:00:50]} 12. Re1 {[%emt 0:00:09]} Rb8 {[%emt 0:02:46]} 13. a4 {[%emt 0:00:52]} Nb4 {[%emt 0:04:13]} 14. Bf3 {[%emt 0:05:44]} f4 {[%emt 0:09:20]} 15. Bg4 {[%emt 0:10:55]} Bxg4 {[%emt 0:04:41]} 16. Qxg4 {[%emt 0:00:13]} Nd3 {[%emt 0:00:38]} 17. Rd1 {[%emt 0:10:38]} Ne5 {[%emt 0:00:15]} 18. Nxe5 {[%emt 0:00:04]} Bxe5 {[%emt 0:00:06]} 19. Ne2 {[%emt 0:08:42]} Qf6 {[%emt 0:04:14]} 20. Ra3 {[%emt 0:08:29]} Ng7 {[%emt 0:15:16]} 21. Rf3 {[%emt 0:10:11]} h5 {[%emt 0:01:51]} 22. Qd7 {[%emt 0:00:27]} Rf7 {[%emt 0:02:24]} 23. Qb5 {[%emt 0:00:16]} g5 {[%emt 0:01:19]} 24. g3 {[%emt 0:04:38]} Qg6 {[%emt 0:06:44]} 25. Qd3 {[%emt 0:02:17]} c4 {[%emt 0:01:41]} 26. Qxc4 {[%emt 0:02:58]} fxg3 {[%emt 0:00:50]} 27. Rxg3 {[%emt 0:02:47]} Bxg3 {[%emt 0:00:06]} 28. hxg3 {[%emt 0:00:34]} Qf6 {[%emt 0:02:40]} 29. Be3 {[%emt 0:01:29]} h4 {[%emt 0:03:30]} 30. Qd3 {[%emt 0:02:06]} Nh5 {[%emt 0:09:42]} 31. gxh4 {[%emt 0:10:45]} gxh4 {[%emt 0:01:40]} 32. Kh2 {[%emt 0:02:04]} Re8 {[%emt 0:12:58]} 33. Bd4 {[%emt 0:05:55]} Qf3 {[%emt 0:01:00]} 34. Qxf3 {[%emt 0:01:05]} Rxf3 {[%emt 0:00:06]} 35. Kg2 {[%emt 0:00:23]} Rf7 {[%emt 0:01:14]} 36. f3 {[%emt 0:03:42]} Nf4+ {[%emt 0:02:57]} 37. Nxf4 {[%emt 0:01:57]} Rxf4 {[%emt 0:00:05]} 38. Rh1 {[%emt 0:00:44]} Rc8 {[%emt 0:01:42]} 39. Kf2 {[%emt 0:03:22]} Rcf8 {[%emt 0:00:30]} 40. Ke2 {[%emt 0:00:00]} Rxf3 {[%emt 0:00:00]} 41. Rxh4 {[%emt 0:00:13]} Rg3 {[%emt 0:12:36]} 42. Rh8+ {[%emt 0:02:37]} Kf7 {[%emt 0:00:46]} 43. Rh7+ {[%emt 0:05:43]} Ke8 {[%emt 0:01:35]} 44. Rxb7 {[%emt 0:01:56]} Rf4 {[%emt 0:00:10]} 45. Rb8+ {[%emt 0:00:36]} Kd7 {[%emt 0:01:09]} 46. Rb7+ {[%emt 0:00:02]} Kd8 {[%emt 0:01:00]} 47. Rb8+ {[%emt 0:00:06]} Kc7 {[%emt 0:00:10]} 48. Re8 {[%emt 0:00:05]} Kd7 {[%emt 0:00:02]} 49. Re6 {[%emt 0:00:09]} Rh4 {[%emt 0:00:48]} 50. Bxa7 {[%emt 0:09:10]} Rh2+ {[%emt 0:00:48]} 51. Bf2 {[%emt 0:00:37]} Rb3 {[%emt 0:00:15]} 52. Rf6 {[%emt 0:01:11]} Rxb2+ {[%emt 0:00:03]} 53. Kf1 {[%emt 0:00:08]} Rb1+ {[%emt 0:00:43]} 54. Ke2 {[%emt 0:00:21]} Rb2+ {[%emt 0:00:38]} 55. Kf1 {[%emt 0:00:16]} Ke7 {[%emt 0:01:46]} 56. Rf5 {[%emt 0:02:34]} Rb1+ {[%emt 0:00:38]} 57. Ke2 {[%emt 0:00:35]} Rb2+ {[%emt 0:00:03]} 58. Kf1 {[%emt 0:00:04]} Ra2 {[%emt 0:01:33]} 59. Kg1 {[%emt 0:01:24]} Rh7 {[%emt 0:00:45]} 60. e5 {[%emt 0:01:01]} Rg7+ {[%emt 0:00:35]} 61. Kf1 {[%emt 0:00:53]} dxe5 {[%emt 0:01:11]} 62. Rxe5+ {[%emt 0:00:23]} Kd6 {[%emt 0:00:29]} 63. Rf5 {[%emt 0:00:07]} Rxa4 {[%emt 0:00:53]} 64. Ke2 {[%emt 0:01:08]} Ra3 {[%emt 0:01:43]} 65. Kf1 {[%emt 0:02:24]} Rb7 {[%emt 0:02:46]} 66. Kg2 {[%emt 0:00:32]} Rg7+ {[%emt 0:00:51]} 67. Kf1 {[%emt 0:00:19]} Rb7 {[%emt 0:00:12]} 68. Kg2 {[%emt 0:00:06]} Rb2 {[%emt 0:00:06]} 69. Kf1 {[%emt 0:00:17]} Rd2 {[%emt 0:02:26]} 70. Kg2 {[%emt 0:00:31]} Rb3 {[%emt 0:01:02]} 71. Kh2 {[%emt 0:01:32]} Rbb2 {[%emt 0:00:23]} 72. Kg1 {[%emt 0:02:47]} Ra2 {[%emt 0:01:23]} 73. Kg2 {[%emt 0:00:40]} Rxd5 {[%emt 0:00:13]} 74. Rxd5+ {[%emt 0:00:07]} Kxd5 {[%emt 0:00:02]} 75. Kf3 {[%emt 0:00:11]} Ke5 {[%emt 0:00:06]} 76. Bg3+ {[%emt 0:00:57]} Kf5 {[%emt 0:00:05]} 77. Bc7 {[%emt 0:00:29]} Ra3+ {[%emt 0:00:09]} 78. Kg2 {[%emt 0:00:27]} Rb3 {[%emt 0:00:08]} 79. Bh2 {[%emt 0:00:21]} Kg4 {[%emt 0:00:53]} 80. Bg1 {[%emt 0:00:23]} Rb2+ {[%emt 0:00:11]} 81. Kh1 {[%emt 0:00:06]} Kg3 {[%emt 0:00:42]} 82. Bc5 {[%emt 0:00:32]} Rh2+ {[%emt 0:00:31]} 83. Kg1 {[%emt 0:00:05]} Rc2 {[%emt 0:00:14]} 84. Bd6+ {[%emt 0:00:05]} Kf3 {[%emt 0:00:03]} 85. Kh1 {[%emt 0:01:05]} Rc1+ {[%emt 0:00:09]} 86. Kh2 {[%emt 0:00:06]} Rc6 {[%emt 0:00:03]} 87. Bb8 {[%emt 0:00:28]} Ra6 {[%emt 0:00:50]} 88. Be5 {[%emt 0:00:34]} Ra4 {[%emt 0:00:10]} 89. Bd6 {[%emt 0:00:24]} Rc4 {[%emt 0:00:18]} 90. Bb8 {[%emt 0:00:14]} Rc5 {[%emt 0:00:07]} 91. Kh1 {[%emt 0:01:01]} Rg5 {[%emt 0:00:21]} 92. Bc7 {[%emt 0:00:24]} Rh5+ {[%emt 0:00:36]} 93. Bh2 {[%emt 0:00:15]} Rb5 {[%emt 0:00:04]} 94. Bg1 {[%emt 0:00:16]} Rg5 {[%emt 0:01:37]} 95. Bh2 {[%emt 0:00:37]} Kf2 {[%emt 0:00:05]} 96. Bc7 {[%emt 0:00:22]} Rb5 {[%emt 0:00:11]} 97. Bd6 {[%emt 0:00:36]} Ra5 {[%emt 0:00:17]} 98. Bc7 {[%emt 0:00:12]} Ra6 {[%emt 0:00:04]} 99. Be5 {[%emt 0:00:17]} Ra5 {[%emt 0:01:17]} 100. Bb8 {[%emt 0:01:50]} Ra1+ {[%emt 0:00:57]} 101. Kh2 {[%emt 0:00:13]} Ra8 {[%emt 0:00:03]} 102. Be5 {[%emt 0:00:14]} Ra4 {[%emt 0:00:23]} 103. Kh1 {[%emt 0:00:33]} Rh4+ {[%emt 0:00:03]} 104. Bh2 {[%emt 0:00:07]} Rb4 {[%emt 0:00:08]} 105. Bd6 {[%emt 0:00:35]} Rb5 {[%emt 0:00:07]} 106. Bc7 {[%emt 0:01:10]} Rb1+ {[%emt 0:00:03]} 107. Kh2 {[%emt 0:00:06]} Rb7 {[%emt 0:00:04]} 108. Bg3+ {[%emt 0:00:04]} Kf3 {[%emt 0:00:02]} 109. Bd6 {[%emt 0:00:20]} Rh7+ {[%emt 0:00:27]} 110. Kg1 {[%emt 0:00:10]} Rd7 {[%emt 0:00:03]} 111. Bb8 {[%emt 0:00:48]} Rd8 {[%emt 0:00:21]} 112. Bc7 {[%emt 0:00:22]} Rg8+ {[%emt 0:00:13]} 113. Kh1 {[%emt 0:00:12]} Rh8+ {[%emt 0:00:16]} 114. Bh2 {[%emt 0:00:06]} Rh6 {[%emt 0:00:22]} 115. Kg1 {[%emt 0:00:08]} Rb6 {[%emt 0:00:04]} 116. Kh1 {[%emt 0:00:30]} Rb1+ {[%emt 0:00:05]} 117. Bg1 {[%emt 0:00:09]} Rb7 {[%emt 0:00:29]} 118. Bh2 {[%emt 0:00:10]} Rb6 {[%emt 0:00:07]} 119. Bg1 {[%emt 0:00:09]} Rb3 {[%emt 0:00:13]} 120. Bh2 {[%emt 0:00:25]} 1/2-1/2

[Event "EYCC Open-U16 2019"]
[Site "Bratislava"]
[Date "2019.08.06"]
[Round "5.2"]
[White "Sargsyan, Tigran R."]
[Black "Teclaf, Pawel"]
[Result "0-1"]
[WhiteElo "2314"]
[BlackElo "2454"]
[Annotator "ChessBase"]
[PlyCount "60"]
[EventDate "2019.08.02"]
[EventType "swiss"]
[EventCountry "SVK"]
[SourceTitle "playchess.com"]
[Source "ChessBase"]
[SourceQuality "1"]
[TimeControl "40/5400+30:1800+30"]

1. Nf3 {[%emt 0:00:00]} c5 {[%emt 0:03:03]} 2. c4 {[%emt 0:00:00]} b6 {[%emt 0:01:08]} 3. Nc3 {[%emt 0:01:04]} Bb7 {[%emt 0:00:45]} 4. e4 {[%emt 0:01:25]} e6 {[%emt 0:01:48]} 5. d4 {[%emt 0:08:22]} cxd4 {[%emt 0:01:01]} 6. Nxd4 {[%emt 0:00:29]} a6 {[%emt 0:03:41]} 7. Be3 {[%emt 0:07:33]} d6 {[%emt 0:08:47]} 8. a4 {[%emt 0:02:47]} Nf6 {[%emt 0:02:59]} 9. f3 {[%emt 0:01:17]} Nbd7 {[%emt 0:07:26]} 10. Be2 {[%emt 0:08:11]} Be7 {[%emt 0:06:00]} 11. a5 {[%emt 0:03:06]} bxa5 {[%emt 0:06:31]} 12. Nb3 {[%emt 0:01:26]} Rb8 {[%emt 0:03:08]} 13. Nxa5 {[%emt 0:01:30]} Ba8 {[%emt 0:00:07]} 14. Qd2 {[%emt 0:03:58]} O-O {[%emt 0:12:37]} 15. O-O {[%emt 0:02:03]} Ne5 {[%emt 0:02:22]} 16. Rfd1 {[%emt 0:13:38]} h5 {[%emt 0:02:44]} 17. h3 {[%emt 0:04:26]} Qc7 {[%emt 0:04:45]} 18. Ra4 {[%emt 0:15:10]} Rfd8 {[%emt 0:04:20]} 19. Qc2 {[%emt 0:02:04]} d5 {[%emt 0:07:43]} 20. cxd5 {[%emt 0:03:28]} exd5 {[%emt 0:00:01]} 21. f4 {[%emt 0:02:19]} Ng6 {[%emt 0:01:01]} 22. e5 {[%emt 0:01:29]} Ne4 {[%emt 0:00:02]} 23. Nb3 {[%emt 0:06:04]} Nc5 {[%emt 0:05:58]} 24. Nxc5 {[%emt 0:03:56]} Bxc5 {[%emt 0:00:09]} 25. Qd2 {[%emt 0:02:48]} d4 {[%emt 0:01:45]} 26. Rxd4 {[%emt 0:03:40]} Rxd4 {[%emt 0:00:01]} 27. Bxd4 {[%emt 0:00:02]} Rd8 {[%emt 0:00:13]} 28. Qe3 {[%emt 0:01:08]} Rxd4 {[%emt 0:00:02]} 29. Rxd4 {[%emt 0:00:28]} Qa7 {[%emt 0:00:08]} 30. Rd8+ {[%emt 0:00:27]} Kh7 {[%emt 0:00:10]} 0-1

[Event "EYCC Open-U16 2019"]
[Site "Bratislava"]
[Date "2019.08.06"]
[Round "5.3"]
[White "Stefansson, Vignir Vatnar"]
[Black "Sahidi, Samir"]
[Result "0-1"]
[WhiteElo "2293"]
[BlackElo "2369"]
[Annotator "NA"]
[PlyCount "100"]
[EventDate "2019.08.02"]
[EventType "swiss"]
[EventCountry "SVK"]
[SourceTitle "playchess.com"]
[Source "ChessBase"]
[SourceQuality "1"]
[TimeControl "40/5400+30:1800+30"]

1. d4 {[%emt 0:00:00]} Nf6 {[%emt 0:00:06]} 2. c4 {[%emt 0:00:29]} c6 {[%emt 0:01:46]} 3. Nc3 {[%emt 0:04:22]} d5 {[%emt 0:00:08]} 4. e3 {[%emt 0:02:49]} e6 {[%emt 0:03:26]} 5. Nf3 {[%emt 0:00:11]} Be7 {[%emt 0:00:36]} 6. Bd2 {[%emt 0:07:02]} O-O {[%emt 0:06:12]} 7. Bd3 {[%emt 0:00:27]} Nbd7 {[%emt 0:01:35]} 8. O-O {[%emt 0:06:39]} dxc4 {[%emt 0:01:02]} 9. Bxc4 {[%emt 0:00:06]} b5 {[%emt 0:00:12]} 10. Bd3 {[%emt 0:01:37]} a6 {[%emt 0:03:33]} 11. Ne4 {[%emt 0:04:44]} c5 {[%emt 0:01:53]} 12. dxc5 {[%emt 0:00:19]} Nxc5 {[%emt 0:10:38]} 13. Nxf6+ {[%emt 0:25:05]} gxf6 {[%emt 0:02:39]} 14. Bc2 {[%emt 0:01:37]} Bb7 {[%emt 0:02:02]} 15. Nd4 {[%emt 0:03:22]} f5 {[%emt 0:03:44]} 16. Qh5 {[%emt 0:07:07]} Ne4 {[%emt 0:03:37]} 17. Be1 {[%emt 0:00:46]} Nf6 {[%emt 0:01:29]} 18. Qh3 {[%emt 0:00:52]} Kh8 {[%emt 0:01:06]} 19. f3 {[%emt 0:00:58]} Rg8 {[%emt 0:03:50]} 20. Rd1 {[%emt 0:03:20]} Qb6 {[%emt 0:04:26]} 21. Bg3 {[%emt 0:01:38]} Rg6 {[%emt 0:04:28]} 22. Kh1 {[%emt 0:07:20]} Rd8 {[%emt 0:10:11]} 23. Bb1 {[%emt 0:04:24]} Bd6 {[%emt 0:11:01]} 24. Bh4 {[%emt 0:03:29]} Be5 {[%emt 0:05:29]} 25. Bf2 {[%emt 0:01:29]} Rdg8 {[%emt 0:01:13]} 26. Rg1 {[%emt 0:04:26]} Qc7 {[%emt 0:00:57]} 27. Bh4 {[%emt 0:02:12]} Nd5 {[%emt 0:01:49]} 28. Rge1 {[%emt 0:02:08]} Rxg2 {[%emt 0:01:11]} 29. Qxg2 {[%emt 0:00:10]} Rxg2 {[%emt 0:00:05]} 30. Kxg2 {[%emt 0:00:03]} f4 {[%emt 0:01:10]} 31. Nc2 {[%emt 0:00:05]} fxe3 {[%emt 0:05:10]} 32. Nxe3 {[%emt 0:00:01]} Nf4+ {[%emt 0:00:53]} 33. Kf2 {[%emt 0:00:11]} Bxb2 {[%emt 0:01:09]} 34. Bg3 {[%emt 0:01:42]} Bc3 {[%emt 0:00:33]} 35. Re2 {[%emt 0:01:08]} Be5 {[%emt 0:00:53]} 36. Ng4 {[%emt 0:01:04]} Nh3+ {[%emt 0:00:34]} 37. Kg2 {[%emt 0:00:20]} Bxg3 {[%emt 0:00:15]} 38. hxg3 {[%emt 0:00:43]} Ng5 {[%emt 0:00:39]} 39. Re3 {[%emt 0:01:36]} Nxf3 {[%emt 0:01:55]} 40. Rxf3 {[%emt 0:00:00]} Bxf3+ {[%emt 0:00:00]} 41. Kxf3 {[%emt 0:04:02]} Qc3+ {[%emt 0:01:55]} 42. Ne3 {[%emt 0:01:57]} Kg7 {[%emt 0:01:29]} 43. g4 {[%emt 0:01:04]} a5 {[%emt 0:01:02]} 44. Bd3 {[%emt 0:05:14]} Qf6+ {[%emt 0:01:26]} 45. Ke2 {[%emt 0:00:25]} b4 {[%emt 0:00:18]} 46. Bc2 {[%emt 0:00:35]} Qb2 {[%emt 0:00:43]} 47. Rb1 {[%emt 0:01:17]} Qxa2 {[%emt 0:01:57]} 48. Rb3 {[%emt 0:00:25]} Qa1 {[%emt 0:00:16]} 49. Nc4 {[%emt 0:01:36]} Qd4 {[%emt 0:01:24]} 50. Nxa5 {[%emt 0:00:03]} Qe5+ {[%emt 0:00:09] g5} 0-1